Normal view
MARC view
- United States
Entry Topical Term
001 - CONTROL NUMBER
- control field: 3050
003 - CONTROL NUMBER IDENTIFIER
- control field: OSt
005 - DATE AND TIME OF LATEST TRANSACTION
- control field: 20170509165026.0
008 - FIXED-LENGTH DATA ELEMENTS
- fixed length control field: 170509|| aca||aabn | a|a d
040 ## - CATALOGING SOURCE
- Original cataloging agency: OSt
- Transcribing agency: OSt
150 ## - HEADING--TOPICAL TERM
- Topical term or geographic name entry element: United States
- General subdivision: Social conditions
- Chronological subdivision: 1960-.
670 ## - SOURCE DATA FOUND
- Source citation: Work cat.: (OSt): Yorburg, Betty. 3048, Families and societies, 1983.

PORTAL AKMAL
E-MEL JKDM
AKMAL2U
G-BAM
u-PUSTAKA